[Event "CRO-chT4A Center"]
[Site "Zagreb"]
[Date "2010.03.28"]
[Round "2.43"]
[White "Kinez, Ivo"]
[Black "Pilat, Karlo"]
[Result "0-1"]
[WhiteElo "2138"]
[BlackElo "2056"]
[PlyCount "84"]
[EventDate "2010.03.21"]
[EventType "team-tourn"]
[EventRounds "11"]
[EventCountry "CRO"]
[SourceTitle "EXT 2012"]
[Source "ChessBase"]
[SourceDate "2011.11.24"]
[SourceVersion "1"]
[SourceVersionDate "2011.11.24"]
[SourceQuality "1"]

1. e4 e6 2. d4 c5 3. Nf3 Nf6 4. e5 Nd5 5. c4 Nb6 6. Bd3 cxd4 7. Nxd4 d6 8. exd6 Bxd6 9. Be3 N8d7 10. 0-0 Ne5 11. Be2 0-0 12. Nd2 Ng6 13. g3 Qe7 14. a4 f5 15. Nb5 Be5 16. Qc2 f4 17. Bxb6 axb6 18. Bd3 Bd7 19. Rae1 fxg3 20. hxg3 Qg5 21. Ne4 Qg4 22. Be2 Qh3 23. Ng5 Qh6 24. Ne4 Bc6 25. Bg4 Rae8 26. b3 Bb8 27. Nd4 Ne5 28. Be2 Qg6 29. Nxc6 bxc6 30. f4 Nd7 31. Kh1 Nc5 32. Bf3 Nxe4 33. Bxe4 Qxg3 34. Bxh7+ Kh8 35. Bg6 Rxf4 36. Rxf4 Qxe1+ 37. Kg2 Bxf4 38. Bxe8 Qg3+ 39. Kf1 Qh3+ 40. Ke1 Qh1+ 41. Ke2 Qg2+ 42. Kd3 Qf3+ 0-1